00341nam a22001097a 4500008004100000082001900041100001700060245009300077260004300170300001100213440000700224230626b xxu||||| |||| 00| 0 eng d a330.bWER 2002 cMaureen Were aBetter Understanding of the Kenyan Economy: Simulations from KIPPRA-Treasury Macro Model aKenyabInter-Parliamentary Unionc2002 aVI,47p n16